000
00326nam a2200121Ia 4500
008
180117s9999 xx 000 0 und d
100
_a
by AA Patawaran
245
_a
WHWN
260
_c
2017
300
_a
22-24 pages, 2017 July 2
440
_a
Philippine Panorama
650
_a
IF YOU CAN TEACH WRITING, PLEASE RAISE YOUR HAND
999
_c
353649
_d
353649